[Event "GER-ch Net blitz qual3"]
[Site "Playchess.com INT"]
[Date "2020.03.21"]
[Round "3"]
[White "Darjusch, Sohraby"]
[Black "Mueller, Cosima"]
[Result "1-0"]
[WhiteElo "1623"]
[BlackElo "1505"]
[PlyCount "119"]
[EventDate "2020.03.21"]
[EventType "swiss (blitz)"]
[EventRounds "9"]
[EventCountry "GER"]
[SourceTitle "CBM 195 Extra"]
[Source "ChessBase"]
[SourceDate "2020.05.31"]
[SourceVersion "1"]
[SourceVersionDate "2020.05.31"]
[SourceQuality "1"]

1. d4 d5 2. c4 e6 3. Nc3 Bb4 4. Nf3 Nf6 5. e3 Nc6 6. Bd2 Bxc3 7. Bxc3 Bd7 8. cxd5 exd5 9. Bd3 0-0 10. 0-0 Ne4 11. Nd2 Bf5 12. Qc2 Qe7 13. Nxe4 Bxe4 14. Bxe4 Qxe4 15. Qxe4 dxe4 16. a3 Rad8 17. Rac1 Rd7 18. b4 Ne7 19. Bb2 Rc8 20. Rc4 b6 21. Rfc1 Nd5 22. h3 a5 23. bxa5 bxa5 24. Bc3 Nxc3 25. R1xc3 g6 26. Rc5 a4 27. R3c4 Ra8 28. Rxc7 Rxc7 29. Rxc7 Rb8 30. Rc4 Ra8 31. Rc5 Rb8 32. Re5 Rb1+ 33. Kh2 Ra1 34. d5 Rxa3 35. d6 Rd3 36. Ra5 Rxd6 37. Rxa4 Rd2 38. Kg3 f5 39. Ra7 h5 40. h4 Re2 41. Re7 Kf8 42. Rh7 Kg8 43. Ra7 Rc2 44. f3 exf3 45. gxf3 Rc3 46. Kf4 Rc4+ 47. e4 fxe4 48. fxe4 Rxe4+ 49. Kxe4 g5 50. hxg5 h4 51. Kf3 h3 52. Kg3 h2 53. Kxh2 Kh8 54. Kh3 Kg8 55. Kh4 Kh8 56. Kh5 Kg8 57. Kg6 Kh8 58. Kh6 Kg8 59. g6 Kh8 60. Ra8# 1-0